01034nam a2200241Ia 4500003000900000008004100009020001800050040001600068080002200084111011200106245022600218260005800444300001700502490003600519650001700555650003100572650002100603650001900624700002600643942000700669999001700676952009900693IN-BaIIA211028s9999 xx 000 0 eng d a1-886733-93-7 cIIA Library a082.2:52bASP-171 aASP Conference on LiBeB, Cosmic Rays, and Related X- and Gamma - rayscParis, Franced1998 Dec. 9-11923895 0aLiBeB, cosmic rays, and related X- and gamma - raysbproceedings of ASP conference on LiBeB, cosmic rays, and related X- and gamma - rays, held in Paris, France, 9-11 Dec 1998cedited by R. Ramaty  aCaliforniabAstronomical Society of the Pacificc1999 axxiii, 279p. aASP conference series; vol. 171 aboron923811 acosmic rays, x rays923896 agamma rays92920 alithium923812 aRamaty, R., ed.99713 cBK c13609d13609 00104070aBANbHOScGENd0000-00-00l0o082.2:52/ ASP-171p14528r2021-11-05w0000-00-00yBK